000 00394pab a2200169 454500
008 180718b2013 xxu||||| |||| 00| 0 eng d
100 _aChattopadhyay, Paresh
245 _aA Leninist reading of Marx (and Engels): A note
260 _c2013
300 _ap.27-29.
362 _a16 Mar
650 _aMarxism
650 _aLeninism
773 _aMainstream
908 _aN
909 _a98384
999 _c98383
_d98383